[Event "16. Rusia tch HL"]
[Site "Dagomys RUS"]
[Date "2009.04.09"]
[Round "8.28"]
[White "Kozlov, Gennady"]
[Black "Kalugin, Sergey V"]
[Result "1/2-1/2"]
[WhiteElo "2265"]
[BlackElo "2406"]
[PlyCount "139"]
[EventDate "2009.04.02"]
[EventType "team"]
[EventRounds "8"]
[EventCountry "RUS"]
[Source "lmi"]
[SourceDate "2009.04.04"]

1. d4 d6 2. Nf3 Nf6 3. c4 g6 4. Nc3 Bg7 5. e4 O-O 6. Be2 Nbd7 7. O-O e5 8. d5
Nh5 9. Ne1 Nf4 10. Nd3 Nxe2+ 11. Qxe2 a6 12. a3 f5 13. f3 f4 14. g4 fxg3 15.
hxg3 Nf6 16. Qh2 Rf7 17. c5 Qf8 18. Be3 Nd7 19. cxd6 cxd6 20. Qe2 Nf6 21. Na4
Bh3 22. Rf2 Qe7 23. Nb6 Raf8 24. Rc1 Qd8 25. Kh2 Bd7 26. Qc2 Bb5 27. Kg2 h5 28.
a4 Bd7 29. Rh1 Be8 30. Qc8 Qe7 31. Qh3 Nh7 32. Nc8 Qd8 33. Nb6 Ng5 34. Bxg5
Qxg5 35. Ne1 Qe3 36. a5 Qc5 37. Qe6 Kh7 38. g4 Rf6 39. Qe7 Qxa5 40. Nc4 Qb5 41.
Nxd6 Qc5 42. Nf5 Qxe7 43. Nxe7 R8f7 44. Nc8 Rc7 45. Rc2 Rxc2+ 46. Nxc2 a5 47.
g5 Rf7 48. Nd6 Rc7 49. Nxe8 Rxc2+ 50. Kg3 Bf8 51. d6 Rd2 52. Rc1 Bxd6 53. Nxd6
Rxd6 54. Rc7+ Kg8 55. Rxb7 Rd3 56. Rb5 h4+ 57. Kg4 h3 58. Rxa5 h2 59. Ra1 Rb3
60. Kg3 Rxb2 61. Rh1 Kf7 62. Rxh2 Rb1 63. Rg2 Rf1 64. Kg4 Re1 65. Rg3 Rh1 66.
Rh3 Rf1 67. Rh7+ Ke6 68. Rg7 Rg1+ 69. Kh4 Rh1+ 70. Kg4 1/2-1/2

[Event "16. Rusia tch HL"]
[Site "Dagomys RUS"]
[Date "2009.04.09"]
[Round "8.29"]
[White "Belokrylov, Alex"]
[Black "Oparin, Grigoriy"]
[Result "1-0"]
[WhiteElo "2314"]
[BlackElo "2257"]
[PlyCount "93"]
[EventDate "2009.04.02"]
[EventType "team"]
[EventRounds "8"]
[EventCountry "RUS"]
[Source "lmi"]
[SourceDate "2009.04.04"]

1. c4 Nf6 2. g3 c6 3. Nf3 d5 4. Bg2 dxc4 5. a4 Be6 6. Na3 Qd5 7. O-O Na6 8. b3
cxb3 9. d3 Qa5 10. Bd2 Qb6 11. a5 Qd8 12. Ng5 Bc8 13. Qxb3 e6 14. Qc4 Nd5 15.
e4 Nf6 16. e5 Nd5 17. Qg4 Nac7 18. Ne4 h5 19. Qf3 Bxa3 20. Rxa3 Nb5 21. Ra4 Qc7
22. d4 Rb8 23. Rc1 b6 24. Bf1 Nxd4 25. Rxd4 Qxe5 26. Bf4 Nxf4 27. Nd6+ Ke7 28.
Rxf4 f5 29. Nxc8+ Rbxc8 30. axb6 axb6 31. Rxc6 Rxc6 32. Qxc6 Qc5 33. Qb7+ Kf6
34. Rc4 Qd5 35. Qxb6 h4 36. Qd4+ Qxd4 37. Rxd4 hxg3 38. hxg3 Rb8 39. Rd6 Rb4
40. Rc6 Re4 41. f3 Re5 42. Kf2 g5 43. Bc4 Ke7 44. Rb6 g4 45. fxg4 fxg4 46. Be2
Re4 47. Rc6 1-0